000 01477nam a2200301Ia 4500
999 _c4248
_d4248
003 OSt
005 20200430143253.0
008 191128s2012 ck gr 000 0dspa d
020 _a9789587584660
040 _aCO-JMCR
_cCO-JMCR
041 0 _aspa
082 0 4 _a305.5 /
_bS855p
100 1 _aStiglitz, Joseph E.,
_eautor
_93808
245 1 3 _aEl precio de la desigualdad :
_bel 1% de la población tiene lo que el 99% necesita /
_cJoseph E. Stiglitz
250 _aPrimera edición
260 _aBogotá :
_bTaurus,
_c2012
300 _a498 páginas ;
_c23 cm.
490 0 _aPensamiento
500 _aIncluye datos biograficos del autor en la solapa.
505 _aEl problema de Estados Unidos con el 1 por ciento -- La búsqueda de rentas y la creación de una sociedad desigual -- Los mercados y la desigualdad -- Por qué es importante -- Una democracia en peligro -- 1984 está al caer -- ¿Justicia para todos?
520 _aEl 1% de la población disfruta de las mejores viviendas, la mejor educación, los mejores médicos y el mejor nivel de vida, pero hay una cosa que el dinero no puede comprar : la comprensión de que su destino está ligado a cómo vive el otro 99%.
650 1 4 _aIgualdad
_zEstados Unidos
_93809
650 2 4 _aDistribución del ingreso
_93696
650 2 4 _aAspectos sociales
_zEstados Unidos
_93810
650 2 4 _aDemocracia
_zEstados Unidos
_93811
650 2 4 _aCondiciones socioeconómicas
_zEstados Unidos
_93812
942 _2ddc
_cBK